Statistics for Countries That Have Reached One Trillion USD in GDP

Click here to take the quiz!

General Stats

  • This quiz has been taken 56 times
  • The average score is 15 of 16

Answer Stats

YearCountry% Correct
1988France
98%
2007Russia
98%
1969United States
98%
1990Italy
96%
2004Spain
96%
1989United Kingdom
96%
2006Brazil
94%
1998China
94%
1987Germany
94%
2007India
94%
2008Australia
92%
2004Canada
92%
1979Japan
92%
2006South Korea
90%
2007Mexico
88%
2017Indonesia
80%

Score Distribution

Percentile by Number Answered

Percent of People with Each Score

Your Score History

You have not taken this quiz